Cây gỗ kinh tế ở Việt Nam

Sách giới thiệu và miêu tả gần 800 loài chủ yếu trong số khoảng 1200 loài cây gỗ trong rừng nước ta góp phần cho việc quản lý rừng và khai thác gỗ hợp lý

Guardat en:
Dades bibliogràfiques
Autor principal: Trần, Hợp
Format: Llibre
Idioma:Undetermined
Publicat: Hà Nội Nông Nghiệp 1993
Matèries:
Etiquetes: Afegir etiqueta
Sense etiquetes, Sigues el primer a etiquetar aquest registre!
Thư viện lưu trữ: Trung tâm Học liệu Trường Đại học Cần Thơ
LEADER 00846nam a2200217Ia 4500
001 CTU_25351
008 210402s9999 xx 000 0 und d
020 |b 100.000đ 
082 |a 634.98 
082 |b H466 
100 |a Trần, Hợp 
245 0 |a Cây gỗ kinh tế ở Việt Nam 
245 0 |c Trần Hợp, Nguyễn Bội Quỳnh 
260 |a Hà Nội 
260 |b Nông Nghiệp 
260 |c 1993 
520 |a Sách giới thiệu và miêu tả gần 800 loài chủ yếu trong số khoảng 1200 loài cây gỗ trong rừng nước ta góp phần cho việc quản lý rừng và khai thác gỗ hợp lý 
650 |a Forests and forestry 
650 |x Economic aspects 
904 |i Minh, 980924 
980 |a Trung tâm Học liệu Trường Đại học Cần Thơ